000 00299nam a22001337a 4500
008 181030b xxu||||| |||| 00| 0 eng d
020 _a087564
041 _aeng
080 _a616.12
100 _a7
101 _aKAR
245 _aPatient Care in Cardiac Surgery
_cBehrendt, D.M
942 _2udc
_cBK
999 _c51105
_d51105